UML for the IT business analyst: a practical guide to object-oriented requirements gathering

Salvato in:
Dettagli Bibliografici
Autore principale: Podeswa, Howard (Autore)
Natura: Libro
Lingua:inglese
Pubblicazione: Boston Thomson Course Technology 2005
Edizione:1a. ed
Soggetti:
Tags: Aggiungi Tag
Nessun Tag, puoi essere il primo ad aggiungerne!!

MARC

LEADER 00000nam a2200000 a 4500
001 UCJ2575
003 CL-VaPUC
008 070104e20050000US |||||||||||||||||eng|d
020 |a 1592009123 
082 0 4 |a 658.40352  |b POD  |2 21 
100 0 |a Podeswa, Howard  |e author  |9 503522 
245 1 0 |a UML for the IT business analyst: a practical guide to object-oriented requirements gathering 
250 |a 1a. ed 
300 |a 378 p 
942 |c BK 
945 |d 20070104 00:00:00  |a cmena 
260 |a Boston  |b Thomson Course Technology  |c 2005 
650 0 |a Proceso de datos   |9 259776 
650 0 |a Diseño de sistemas  |9 262363 
650 0 |a Arquitectura de datos   |9 503520 
650 0 |a Planificación estratégica   |9 259735 
650 0 |a Toma de decisiones   |9 257530 
650 0 |a Gestión de la información   |9 362327 
650 7 |a UML  |2 CL-VaPUC  |9 503524 
650 0 |a Programación orientada al objeto  |9 387863 
650 0 |a Modelos matemáticos   |9 259437 
583 |a last modification  |c 20070104 00:00:00  |k Rodrigo Vera 
999 |c 318775  |d 318773 
952 |0 0  |1 0  |4 0  |6 658_403520000000000_POD_2005  |7 0  |8 A  |9 396854  |a BIBING  |b BIBING  |d 2019-11-22  |i 4309901  |o 658.40352 POD 2005  |p 4309901  |r 2025-01-20  |w 2019-11-22  |y BK  |k EII